000 01037cam a22002175a 4500
001 L138176
008 070521s2007 xxko f 000 0 eng d
020 _a9781860819667
035 _a(Sirsi) u138176
041 0 _aeng
050 0 4 _a693.21 $2 18
100 1 _aDe Vekey, R. C.
245 0 0 _aPrinciples of masonry conservation management
260 _aWatford
_bIHS BRE Press
_c2007
300 _a8p.
_bill.
_c30cm.
490 0 _aBRE Digest
_v502
520 _aDiscusses the legislative framework in the UK and the general principles of conservation practice. Covers: minimal intervention; protection against disaster and neglect; use of identical replacement materials or the nearest analogues; the necessity for additions to respect the spirit of the core building; maintenance of a log of works; and the need to agree a protocol for project management before any project begins.
651 4 _aEngland and Wales
_y1543-
690 _aBUILT ENVIRONMENT-BUILDING MAINTENANCE AND REFURBISHMENT-BUILDING CONSERVATION
942 _n0
999 _c107042
_d107042